Hodnotu bratislavského paroplynu určujú jeho zmluvné vzťahy
Paroplynový cyklus (PPC), a.s. Bratislava bude mať nového majiteľa - Fond národného majetku (FNM) SR. 24 perc. akcií prevedie na fond SPP, a.s. Bratislava a 66 perc. akcií Západoslovenská energetika (ZSE), a.s. Bratislava. Dlhodobé zmluvy na odber zemného plynu od SPP, predaj disponibilného elektric...
Na minha lista:
| Autor principal: | |
|---|---|
| Formato: | Capítulo de Livro |
| Idioma: | eslovaco |
| Assuntos: | |
| Tags: |
Sem tags, seja o primeiro a adicionar uma tag!
|
MARC
| LEADER | 00000naa a2200000 4500 | ||
|---|---|---|---|
| 001 | r045777 | ||
| 005 | 20230921114047.4 | ||
| 041 | 0 | |a slo | |
| 044 | |a SK | ||
| 245 | 1 | 0 | |a Hodnotu bratislavského paroplynu určujú jeho zmluvné vzťahy |c Juraj Janoška |
| 520 | |a Paroplynový cyklus (PPC), a.s. Bratislava bude mať nového majiteľa - Fond národného majetku (FNM) SR. 24 perc. akcií prevedie na fond SPP, a.s. Bratislava a 66 perc. akcií Západoslovenská energetika (ZSE), a.s. Bratislava. Dlhodobé zmluvy na odber zemného plynu od SPP, predaj disponibilného elektrického výkonu a dodávky tepla. Kompromisy ohľadom dlhodobých zmlúv. Ceny. Presmerovanie kontraktu. Spor o lacné teplo. | ||
| 610 | 2 | 0 | |a plyn |
| 610 | 2 | 0 | |a akcie |
| 610 | 2 | 0 | |a zmluvy |
| 610 | 2 | 0 | |a ceny |
| 610 | 2 | 0 | |a kontrakty |
| 610 | 2 | 0 | |a teplo |
| 610 | 2 | 0 | |a elektrina |
| 610 | 2 | 0 | |a vzťahy zmluvné |
| 610 | 2 | 0 | |a Paroplynový cyklus, a.s. Bratislava |
| 610 | 2 | 0 | |a FNM SR Bratislava |
| 100 | 1 | |a Janoška, Juraj | |